000 01107nam a22002177a 4500
999 _c22054
_d22054
003 AR-CdUCM
008 190425b ||||| |||| 00| 0 spa d
040 _aMUNICIPALIDAD PROVINCIAL DEL CUSCO
_cBIBLIOTECA MUNICIPAL DEL CUSCO
082 _aPast.Andina/N°15/1976
110 _aInstituto de Pastoral Andina
_912766
245 _aPastoral Andina /
_cInstituto de Pastoral Andina
260 _aCusco :
_bInstituto de Pastoral Andina,
_bImprenta Prelatura de Sicuani,
_c1976.
300 _a43 páginas. :
_c21 cm.
440 _aBoletín bimestral del Instituto de Pastoral Andina Cusco.
_nN°15, marzo 1976.
_947303
505 _aContenido: Participación popular. Episcopado peruano CEAS. -- La fe se explicita en la construcción del Reino. Equipo de Belén Huarocondo. -- T´inkachiy en Caylloma. -- La Misa importación o creatividad. Equipo parroquial de Callapuja. -- Elementos para una proyeción del Departamento de la Formación del I.P.A.
650 _aCatolicismo
_92175
650 _aEvangelización católica
_947304
650 _aReligión católica
_947305
942 _2ddc
_cPP
945 _arac